[Event "Kiev Express blitz op"]
[Site "Kiev"]
[Date "2024.08.30"]
[Round "8"]
[White "Bagiryan, Vigen"]
[Black "Povshednyi, Ivan"]
[Result "1/2-1/2"]
[WhiteElo "2134"]
[BlackElo "2307"]
[PlyCount "146"]
[EventDate "2024.08.30"]
[EventType "swiss (blitz)"]
[EventRounds "9"]
[EventCountry "UKR"]
[SourceTitle "EXT 2025"]
[Source "ChessBase"]
[SourceDate "2024.10.14"]
[SourceVersion "1"]
[SourceVersionDate "2024.10.14"]
[SourceQuality "1"]

1. e4 c5 2. Nf3 d6 3. Bb5+ Nd7 4. 0-0 a6 5. Bd3 Ngf6 6. c3 b5 7. Bc2 Bb7 8. Re1 c4 9. a4 e6 10. b3 cxb3 11. Bxb3 Be7 12. d3 0-0 13. Bc2 Qc7 14. Bf4 e5 15. Bg3 Rfc8 16. Ra2 Bf8 17. h3 Nc5 18. axb5 axb5 19. Rb2 Ra5 20. Nfd2 Ne6 21. Nb3 Raa8 22. N3d2 Ra5 23. Nb3 Raa8 24. d4 g6 25. Bd3 Ba6 26. Qe2 Rab8 27. Rc1 Nh5 28. Qe3 Nxg3 29. fxg3 Bg7 30. d5 Nc5 31. Be2 Nxb3 32. Rxb3 Bf8 33. Na3 Qa5 34. Rcb1 Bg7 35. Nxb5 Bxb5 36. Bxb5 Rc5 37. c4 h5 38. Kh2 Qc7 39. Qf3 Rf8 40. g4 h4 41. g5 Qe7 42. Qg4 f5 43. gxf6 Qxf6 44. Rf3 Qe7 45. Rxf8+ Qxf8 46. Qxh4 Qf4+ 47. Qxf4 exf4 48. Kg1 Be5 49. Kf2 Kf7 50. Rb3 Kf6 51. Ra3 Kg5 52. Kf3 Rc7 53. Ra8 Kf6 54. Rf8+ Kg7 55. Rd8 Ra7 56. Rd7+ Rxd7 57. Bxd7 g5 58. Kg4 Kf6 59. Bf5 Bd4 60. Kh5 Be5 61. Kh6 Bd4 62. Kh7 Kf7 63. Be6+ Kf6 64. Kg8 Ke5 65. Bf5 Bf2 66. Kf7 Be1 67. Ke7 Bb4 68. Kf7 Be1 69. Kg6 Bh4 70. Kf7 Be1 71. Ke7 Bb4 72. Kf7 Be1 73. Ke7 Bb4 1/2-1/2

[Event "Kiev Express blitz op"]
[Site "Kiev"]
[Date "2024.08.30"]
[Round "9"]
[White "Tulchynskyi, Feliks"]
[Black "Bagiryan, Vigen"]
[Result "1-0"]
[WhiteElo "2228"]
[BlackElo "2134"]
[PlyCount "63"]
[EventDate "2024.08.30"]
[EventType "swiss (blitz)"]
[EventRounds "9"]
[EventCountry "UKR"]
[SourceTitle "EXT 2025"]
[Source "ChessBase"]
[SourceDate "2024.10.14"]
[SourceVersion "1"]
[SourceVersionDate "2024.10.14"]
[SourceQuality "1"]

1. e4 c5 2. c3 e6 3. d4 cxd4 4. cxd4 a6 5. Nc3 b5 6. Bd3 d6 7. Nf3 Bb7 8. a4 b4 9. Ne2 Nf6 10. Ng3 Be7 11. 0-0 0-0 12. Qe2 Nc6 13. Rd1 Na5 14. Bf4 Qb6 15. Be3 Qd8 16. Qe1 d5 17. e5 Ne4 18. Nf1 h6 19. N3d2 Nxd2 20. Nxd2 f5 21. exf6 Bxf6 22. f4 Qd6 23. Qe2 Rfc8 24. Re1 Nc4 25. Nxc4 dxc4 26. Bxc4 Bxd4 27. Bxe6+ Qxe6 28. Bxd4 Qd5 29. Rad1 Rf8 30. Bxg7 Qc5+ 31. Bd4 Qc6 32. Qg4+ 1-0

[Event "Lvov Ukrainian Chess Warriors"]
[Site "Lvov"]
[Date "2024.03.15"]
[Round "8"]
[White "Bagiryan, Vigen"]
[Black "Petursson, Margeir"]
[Result "0-1"]
[WhiteElo "1969"]
[BlackElo "2408"]
[PlyCount "108"]
[EventDate "2024.03.15"]
[EventType "swiss (rapid)"]
[EventRounds "8"]
[EventCountry "UKR"]
[SourceTitle "CBM 219 Extra"]
[Source "ChessBase"]
[SourceDate "2024.05.31"]
[SourceVersion "1"]
[SourceVersionDate "2024.05.31"]
[SourceQuality "1"]

1. e4 c5 2. Nc3 g6 3. g3 Bg7 4. Bg2 Nc6 5. Nge2 e6 6. d3 Nge7 7. f4 d6 8. Be3 Nd4 9. Bf2 Bd7 10. 0-0 Bc6 11. Nxd4 cxd4 12. Ne2 e5 13. c3 dxc3 14. bxc3 0-0 15. Rb1 d5 16. fxe5 dxe4 17. d4 Nf5 18. g4 Nh4 19. Be3 Nf3+ 20. Kh1 Qh4 21. h3 Rad8 22. Qc1 f5 23. exf6 Qxf6 24. c4 b6 25. d5 Bd7 26. Nd4 Qh4 27. Bf2 Qf6 28. Bxf3 exf3 29. Qd2 h5 30. g5 Qf4 31. Qxf4 Rxf4 32. Ne6 Bxe6 33. dxe6 Rxc4 34. Rbd1 Rxd1 35. Rxd1 Re4 36. Rd3 Rxe6 37. Rxf3 Bf8 38. Kg2 Re2 39. a4 Bc5 40. Kf1 Rxf2+ 41. Rxf2 Bxf2 42. Kxf2 Kf7 43. Ke3 Ke6 44. Kd4 a6 45. Ke4 b5 46. a5 Kd6 47. Kd4 Kc6 48. Ke5 b4 49. Kf6 b3 50. Kxg6 b2 51. Kxh5 b1Q 52. g6 Qf5+ 53. Kh4 Kb5 54. g7 Qh7+ 0-1

[Event "Lvov Ukrainian Chess Warriors"]
[Site "Lvov"]
[Date "2024.03.15"]
[Round "4"]
[White "Bagiryan, Vigen"]
[Black "Semenov, Dmitri"]
[Result "1-0"]
[WhiteElo "1969"]
[BlackElo "2370"]
[PlyCount "167"]
[EventDate "2024.03.15"]
[EventType "swiss (rapid)"]
[EventRounds "8"]
[EventCountry "UKR"]
[SourceTitle "CBM 219 Extra"]
[Source "ChessBase"]
[SourceDate "2024.05.31"]
[SourceVersion "1"]
[SourceVersionDate "2024.05.31"]
[SourceQuality "1"]

1. e4 e5 2. Nf3 Nc6 3. Bb5 a6 4. Ba4 Nf6 5. 0-0 Be7 6. Re1 b5 7. Bb3 0-0 8. c3 d6 9. h3 Nb8 10. d4 Nbd7 11. Nbd2 Bb7 12. d5 c6 13. dxc6 Bxc6 14. Bc2 Nc5 15. Qe2 Qc7 16. Nh2 Qb7 17. f3 Qa7 18. Kh1 Nh5 19. Ndf1 Nf4 20. Bxf4 exf4 21. Ng4 h5 22. Nf2 Bf6 23. Nd3 Nxd3 24. Qxd3 Be5 25. Rad1 Rab8 26. a3 a5 27. Bb3 b4 28. axb4 axb4 29. Bd5 Bxd5 30. exd5 bxc3 31. bxc3 Rb3 32. Rc1 Rc8 33. Qf5 Rcxc3 34. Qxh5 Qf2 35. Rcd1 g6 36. Qg4 Rc2 37. Nh2 Rbb2 38. Rg1 Rd2 39. Rxd2 Qxd2 40. Qc8+ Kg7 41. Qc1 Qxd5 42. Ng4 Re2 43. Rd1 Qa2 44. Nxe5 dxe5 45. Rg1 g5 46. Qc5 Kg6 47. Qf8 e4 48. Qg8+ Kf6 49. Qd8+ Kf5 50. Qd7+ Kg6 51. fxe4 Rxe4 52. Qd8 Re2 53. Qd3+ Kg7 54. Qd4+ Kh7 55. Qd3+ Kh6 56. Qd4 Qb2 57. Qc4 Kg7 58. Qd5 Rf2 59. Qxg5+ Kf8 60. Rd1 Rd2 61. Qh6+ Kg8 62. Qg5+ Kh7 63. Rf1 Qg7 64. Qxg7+ Kxg7 65. Rxf4 Kg6 66. Kh2 f5 67. Kg3 Rd3+ 68. Rf3 Rd2 69. Ra3 Kg5 70. h4+ Kh5 71. Kh3 Rd4 72. g3 Rd5 73. Ra8 Rc5 74. Rg8 f4 75. g4+ Kh6 76. g5+ Kh5 77. Rh8+ Kg6 78. Rh6+ Kg7 79. Rf6 Rc4 80. h5 Rc1 81. Rxf4 Rh1+ 82. Kg4 Rg1+ 83. Kf5 Rh1 84. h6+ 1-0

[Event "Kiev Blitz Marathon"]
[Site "Kiev"]
[Date "2023.04.23"]
[Round "17"]
[White "Bagiryan, Vigen"]
[Black "Kazakov, Maksym"]
[Result "1-0"]
[WhiteElo "1967"]
[BlackElo "2039"]
[PlyCount "146"]
[EventDate "2023.04.22"]
[EventType "tourn (blitz)"]
[EventRounds "54"]
[EventCountry "UKR"]
[SourceTitle "CBM 213 Extra"]
[Source "ChessBase"]
[SourceDate "2023.05.31"]
[SourceVersion "1"]
[SourceVersionDate "2023.05.31"]
[SourceQuality "1"]

1. e4 c5 2. Nc3 a6 3. a4 Nc6 4. f4 g6 5. Nf3 Bg7 6. d3 e6 7. g3 Nge7 8. Bg2 d6 9. 0-0 0-0 10. h3 Rb8 11. Kh2 b5 12. axb5 axb5 13. Ne2 b4 14. Rb1 Ba6 15. b3 Qa5 16. Bb2 Bxb2 17. Rxb2 Ra8 18. Rb1 Bb7 19. Qd2 Qc7 20. Ra1 Rxa1 21. Rxa1 Ra8 22. Rxa8+ Bxa8 23. g4 f5 24. gxf5 exf5 25. Ng5 Nd8 26. Qe3 h6 27. Nf3 Kh7 28. Ng3 fxe4 29. dxe4 Bc6 30. f5 gxf5 31. exf5 d5 32. Ne5 d4 33. Qe2 Bxg2 34. Kxg2 Nec6 35. Ng4 Qe7 36. Qxe7+ Nxe7 37. Nf6+ Kg7 38. Nfe4 Nd5 39. Nf1 d3 40. cxd3 Nf4+ 41. Kf3 Nxd3 42. Ke3 c4 43. bxc4 Ne5 44. Kd4 Ndc6+ 45. Kd5 b3 46. Nfd2 b2 47. Ke6 Nxc4 48. f6+ Kf8 49. Nb1 Nb4 50. Kf5 Nd5 51. Kg6 Ne5+ 52. Kxh6 Kf7 53. Kg5 Nf3+ 54. Kf5 Nh4+ 55. Ke5 Nxf6 56. Nxf6 Nf3+ 57. Kf5 Nd4+ 58. Kg5 Nf3+ 59. Kf4 Kxf6 60. Kxf3 Kg5 61. Kg3 Kh5 62. h4 Kh6 63. Kg4 Kg6 64. h5+ Kh6 65. Kh4 Kh7 66. Kg5 Kg7 67. Nd2 Kh7 68. Kf5 Kh6 69. Kg4 Kh7 70. Kg5 Kg7 71. h6+ Kh8 72. Kh5 Kh7 73. Nb1 Kh8 1-0

[Event "Kiev Blitz Marathon"]
[Site "Kiev"]
[Date "2023.04.23"]
[Round "33"]
[White "Bagiryan, Vigen"]
[Black "Kovalenko, Nazarii"]
[Result "1-0"]
[WhiteElo "1967"]
[BlackElo "1783"]
[PlyCount "93"]
[EventDate "2023.04.22"]
[EventType "tourn (blitz)"]
[EventRounds "54"]
[EventCountry "UKR"]
[SourceTitle "CBM 213 Extra"]
[Source "ChessBase"]
[SourceDate "2023.05.31"]
[SourceVersion "1"]
[SourceVersionDate "2023.05.31"]
[SourceQuality "1"]

1. e4 c6 2. d4 d5 3. Nc3 dxe4 4. Nxe4 Nf6 5. Ng3 g6 6. Nf3 Bg7 7. Bc4 0-0 8. h3 b5 9. Bb3 a5 10. a4 b4 11. 0-0 Nd5 12. Re1 Nd7 13. Bg5 Re8 14. Qd2 Ba6 15. c3 bxc3 16. bxc3 Rb8 17. Bc2 N7f6 18. Ne5 Qc8 19. Reb1 Rxb1+ 20. Rxb1 c5 21. c4 Nb4 22. d5 Nd7 23. Ng4 Bxc4 24. d6 f6 25. Be3 Nxc2 26. Qxc2 Bf7 27. dxe7 Rxe7 28. Rb5 f5 29. Nh6+ Bxh6 30. Bxh6 c4 31. Qc3 Be6 32. Rxa5 Kf7 33. Ra7 Kg8 34. a5 Qd8 35. Bg5 Qb8 36. Qd4 f4 37. Bxf4 Qc8 38. Rc7 Qe8 39. a6 Bf7 40. a7 c3 41. Qxc3 Nb6 42. Rxe7 Qxe7 43. Bh6 Bd5 44. Kh2 Qxa7 45. Qd4 Qf7 46. Qxb6 Be6 47. Qd8+ 1-0

[Event "Kiev Blitz Marathon"]
[Site "Kiev"]
[Date "2023.04.23"]
[Round "23"]
[White "Bagiryan, Vigen"]
[Black "Mikhaletz, Lubomir"]
[Result "0-1"]
[WhiteElo "1967"]
[BlackElo "2304"]
[PlyCount "62"]
[EventDate "2023.04.22"]
[EventType "tourn (blitz)"]
[EventRounds "54"]
[EventCountry "UKR"]
[SourceTitle "CBM 213 Extra"]
[Source "ChessBase"]
[SourceDate "2023.05.31"]
[SourceVersion "1"]
[SourceVersionDate "2023.05.31"]
[SourceQuality "1"]

1. e4 Nc6 2. Nc3 d6 3. d4 Nf6 4. f3 h5 5. h4 e5 6. Nge2 Be7 7. d5 Nb8 8. Be3 a6 9. a4 c6 10. a5 cxd5 11. exd5 Nfd7 12. Qd2 Bxh4+ 13. g3 Be7 14. Ne4 Nf6 15. Ng5 Bf5 16. c4 Nbd7 17. b4 Rc8 18. Nc3 b5 19. cxb5 Rxc3 20. Qxc3 Nxd5 21. Qb3 Bxg5 22. Bxg5 Qxg5 23. Qxd5 Qxg3+ 24. Ke2 0-0 25. Rxh5 Nf6 26. Qxd6 Nxh5 27. bxa6 Nf4+ 28. Kd2 Qf2+ 29. Kc3 Rc8+ 30. Kb3 Qc2+ 31. Ka3 Rc3# 0-1

[Event "Kiev Blitz Marathon"]
[Site "Kiev"]
[Date "2023.04.23"]
[Round "13"]
[White "Bagiryan, Vigen"]
[Black "Prohorov, Olexandr"]
[Result "0-1"]
[WhiteElo "1967"]
[BlackElo "2086"]
[PlyCount "84"]
[EventDate "2023.04.22"]
[EventType "tourn (blitz)"]
[EventRounds "54"]
[EventCountry "UKR"]
[SourceTitle "CBM 213 Extra"]
[Source "ChessBase"]
[SourceDate "2023.05.31"]
[SourceVersion "1"]
[SourceVersionDate "2023.05.31"]
[SourceQuality "1"]

1. e4 c5 2. Nf3 Nc6 3. Bc4 a6 4. a4 Nf6 5. e5 d5 6. exd6 e6 7. 0-0 Bxd6 8. Nc3 0-0 9. d3 h6 10. h3 b6 11. Ne2 Qc7 12. Be3 Bb7 13. Nc3 Rad8 14. Qe2 Nd4 15. Bxd4 cxd4 16. Ne4 Nxe4 17. dxe4 a5 18. Bb5 Bc5 19. Rfd1 Qf4 20. Bd3 e5 21. Nd2 Rd6 22. Qf3 Qh4 23. Qg4 Qe7 24. Nf3 Rg6 25. Qh4 Qe6 26. b3 Kh8 27. Bc4 Qd6 28. Bd3 Re8 29. Nd2 f5 30. f3 f4 31. Nc4 Qe6 32. Nd2 Rg3 33. Nf1 Rg5 34. Kh2 Rc8 35. Bc4 Qf6 36. Kh1 Bb4 37. Rd3 Qf8 38. Nh2 Be7 39. Qf2 h5 40. Nf1 Bf6 41. Nd2 Qe7 42. Nf1 Rg6 0-1

[Event "Kiev Blitz Marathon"]
[Site "Kiev"]
[Date "2023.04.23"]
[Round "29"]
[White "Bagiryan, Vigen"]
[Black "Sakun, Volodymyr"]
[Result "0-1"]
[WhiteElo "1967"]
[BlackElo "2340"]
[PlyCount "54"]
[EventDate "2023.04.22"]
[EventType "tourn (blitz)"]
[EventRounds "54"]
[EventCountry "UKR"]
[SourceTitle "CBM 213 Extra"]
[Source "ChessBase"]
[SourceDate "2023.05.31"]
[SourceVersion "1"]
[SourceVersionDate "2023.05.31"]
[SourceQuality "1"]

1. e4 e5 2. Nf3 Nc6 3. Bb5 Nge7 4. 0-0 g6 5. d3 Bg7 6. c3 a6 7. Ba4 0-0 8. h3 d6 9. Nbd2 h6 10. Re1 f5 11. exf5 gxf5 12. d4 e4 13. Nh2 d5 14. Ndf1 Ng6 15. Qh5 Kh7 16. Bxc6 bxc6 17. Bd2 f4 18. Ng4 Rf5 19. Nf6+ Qxf6 20. Qe2 f3 21. Qe3 fxg2 22. Nh2 Nh4 23. Ng4 Qg6 24. Qg3 Nf3+ 25. Kxg2 Nxd2 26. Rad1 Nf3 27. Re3 Rg5 0-1

[Event "Kiev Blitz Marathon"]
[Site "Kiev"]
[Date "2023.04.22"]
[Round "2"]
[White "Sakun, Volodymyr"]
[Black "Bagiryan, Vigen"]
[Result "1-0"]
[WhiteElo "2340"]
[BlackElo "1967"]
[PlyCount "113"]
[EventDate "2023.04.22"]
[EventType "tourn (blitz)"]
[EventRounds "54"]
[EventCountry "UKR"]
[SourceTitle "CBM 213 Extra"]
[Source "ChessBase"]
[SourceDate "2023.05.31"]
[SourceVersion "1"]
[SourceVersionDate "2023.05.31"]
[SourceQuality "1"]

1. e4 c5 2. Nf3 Nc6 3. Bb5 g6 4. 0-0 Bg7 5. d3 Nf6 6. Bxc6 bxc6 7. Nc3 d6 8. h3 0-0 9. Be3 a5 10. Qd2 Re8 11. Bh6 Bh8 12. a4 Rb8 13. b3 Nd7 14. Rae1 e5 15. Nh2 Nf8 16. f4 exf4 17. Bxf4 Ne6 18. Bg3 Rb7 19. Ng4 Bd4+ 20. Kh1 Qg5 21. Qxg5 Nxg5 22. Nf6+ Bxf6 23. Rxf6 d5 24. Rxc6 dxe4 25. Nxe4 Nxe4 26. Rxe4 Be6 27. Rxc5 h6 28. Ree5 Kg7 29. Rxa5 Rc8 30. Rec5 Rd8 31. Rab5 Rbd7 32. a5 g5 33. a6 Kg6 34. Rb7 Ra8 35. Rxd7 Bxd7 36. Ra5 f5 37. Bc7 Bc6 38. a7 Re8 39. Bb8 Re1+ 40. Kh2 Re2 41. a8Q Rxg2+ 42. Kh1 Bxa8 43. Rxa8 Rxc2 44. b4 Rc3 45. b5 Rxd3 46. b6 Rxh3+ 47. Kg2 Rb3 48. Bc7 f4 49. Rb8 Kf5 50. Rh8 h5 51. Rxh5 Kg4 52. Rh7 Rb2+ 53. Kf1 Kf3 54. Ke1 g4 55. Rf7 Rb4 56. Rxf4+ Rxf4 57. Bxf4 1-0

[Event "Kiev Spring op"]
[Site "Kiev"]
[Date "2023.03.29"]
[Round "7"]
[White "Maly, Alexey"]
[Black "Bagiryan, Vigen"]
[Result "1-0"]
[WhiteElo "2355"]
[BlackElo "1967"]
[PlyCount "57"]
[EventDate "2023.03.25"]
[EventType "swiss"]
[EventRounds "9"]
[EventCountry "UKR"]
[SourceTitle "EXT 2024"]
[Source "ChessBase"]
[SourceDate "2023.10.10"]
[SourceVersion "1"]
[SourceVersionDate "2023.10.10"]
[SourceQuality "1"]

1. d4 d5 2. c4 e6 3. Nf3 Nf6 4. e3 Bb4+ 5. Nbd2 c6 6. Bd3 Nbd7 7. 0-0 0-0 8. Qe2 Bd6 9. e4 dxe4 10. Nxe4 Nxe4 11. Qxe4 Nf6 12. Qh4 Re8 13. b3 b6 14. Bb2 Bb7 15. Rad1 h6 16. Ne5 Qc7 17. f4 c5 18. dxc5 Bxc5+ 19. Kh1 Rad8 20. f5 exf5 21. Rxf5 Re6 22. h3 Rde8 23. Ng4 Ne4 24. Rf3 Ng5 25. Rf5 Re2 26. Nxh6+ gxh6 27. Rxg5+ Kf8 28. Bg7+ Ke7 29. Rd5+ 1-0

[Event "Kyiv Spring Blitz"]
[Site "Kiev"]
[Date "2023.03.26"]
[Round "3"]
[White "Bagiryan, Vigen"]
[Black "Trushko, Andrii"]
[Result "0-1"]
[WhiteElo "1967"]
[BlackElo "2006"]
[PlyCount "72"]
[EventDate "2023.03.26"]
[EventType "swiss (blitz)"]
[EventRounds "9"]
[EventCountry "UKR"]
[SourceTitle "CBM 213 Extra"]
[Source "ChessBase"]
[SourceDate "2023.05.31"]
[SourceVersion "1"]
[SourceVersionDate "2023.05.31"]
[SourceQuality "1"]

1. e4 c6 2. d4 d5 3. e5 c5 4. c3 cxd4 5. cxd4 Nc6 6. Nf3 Bg4 7. Be2 e6 8. 0-0 Qb6 9. Be3 Nge7 10. Nbd2 Nf5 11. Nb3 Be7 12. h3 Bxf3 13. Bxf3 0-0 14. a3 a5 15. Rb1 f6 16. Nc5 Nxe3 17. fxe3 Bxc5 18. dxc5 Qxc5 19. exf6 Qxe3+ 20. Kh1 Rxf6 21. Re1 Qh6 22. b4 axb4 23. axb4 Ra2 24. Bxd5 Rd2 25. Bxe6+ Rxe6 26. Qxd2 Qxd2 27. Rxe6 h5 28. b5 Nd4 29. Re7 Ne2 30. Rxb7 Nf4 31. Rg1 Kh7 32. b6 Nxh3 33. Rf1 Nf2+ 34. Kg1 Ng4 35. Rff7 Qe3+ 36. Kf1 Nh2# 0-1

[Event "Kyiv Spring op"]
[Site "Kiev"]
[Date "2023.03.26"]
[Round "2"]
[White "Shishkin, Vadim"]
[Black "Bagiryan, Vigen"]
[Result "1/2-1/2"]
[WhiteElo "2417"]
[BlackElo "1967"]
[PlyCount "79"]
[EventDate "2023.03.25"]
[EventType "swiss"]
[EventRounds "9"]
[EventCountry "UKR"]
[SourceTitle "CBM 213 Extra"]
[Source "ChessBase"]
[SourceDate "2023.05.31"]
[SourceVersion "1"]
[SourceVersionDate "2023.05.31"]
[SourceQuality "1"]

1. d4 d5 2. c4 e6 3. Nf3 Nf6 4. Nc3 c6 5. g3 Be7 6. Bg2 0-0 7. 0-0 Nbd7 8. b3 b6 9. Bb2 Bb7 10. e3 Rc8 11. Rc1 c5 12. Ne5 cxd4 13. exd4 Nxe5 14. dxe5 Ne4 15. Nxe4 dxe4 16. Qe2 Qc7 17. Bxe4 Bxe4 18. Qxe4 Rfd8 19. Rfd1 h6 20. Qf3 Rxd1+ 21. Rxd1 Rd8 22. Rd3 Rxd3 23. Qxd3 Qc6 24. Bd4 a6 25. h3 h5 26. h4 g6 27. Be3 b5 28. Qd4 bxc4 29. bxc4 Kf8 30. Bg5 Bxg5 31. hxg5 Qa4 32. Qd8+ Kg7 33. c5 Qxa2 34. Qf6+ Kg8 35. c6 Qb1+ 36. Kh2 Qc2 37. Qd8+ Kg7 38. Qf6+ Kg8 39. Qd8+ Kg7 40. Qf6+ 1/2-1/2

[Event "Kiev Spring op"]
[Site "Kiev"]
[Date "2023.03.25"]
[Round "1"]
[White "Bagiryan, Vigen"]
[Black "Chuvaiev, Ihor"]
[Result "1-0"]
[WhiteElo "1967"]
[BlackElo "1267"]
[PlyCount "53"]
[EventDate "2023.03.25"]
[EventType "swiss"]
[EventRounds "9"]
[EventCountry "UKR"]
[SourceTitle "EXT 2024"]
[Source "ChessBase"]
[SourceDate "2023.10.10"]
[SourceVersion "1"]
[SourceVersionDate "2023.10.10"]
[SourceQuality "1"]

1. e4 e6 2. d4 d5 3. e5 c5 4. c3 Nc6 5. Nf3 Qb6 6. a3 Bd7 7. Be2 Nh6 8. b4 cxb4 9. axb4 Rc8 10. 0-0 Be7 11. Bxh6 gxh6 12. Qd2 Kd8 13. Qxh6 Kc7 14. Nbd2 Rcf8 15. Qf4 Kc8 16. Qe3 f5 17. Rfb1 f4 18. Qd3 Be8 19. Qc2 Rhg8 20. b5 Nd8 21. Qxh7 Nf7 22. c4 Rh8 23. Qc2 Kd8 24. c5 Qc7 25. b6 Qb8 26. bxa7 Qa8 27. Rxb7 1-0

[Event "Mariupol CC 50th Aniversary"]
[Site "Mariupol"]
[Date "2021.06.12"]
[Round "7"]
[White "Babiy, Olga"]
[Black "Bagiryan, Vigen"]
[Result "1/2-1/2"]
[WhiteElo "2280"]
[BlackElo "1948"]
[PlyCount "133"]
[EventDate "2021.06.08"]
[EventType "swiss"]
[EventRounds "9"]
[EventCountry "UKR"]
[SourceTitle "EXT 2023"]
[Source "ChessBase"]
[SourceDate "2022.10.05"]
[SourceVersion "1"]
[SourceVersionDate "2022.10.05"]
[SourceQuality "1"]

1. d4 Nf6 2. Bf4 d5 3. e3 e6 4. Nd2 c5 5. c3 Nc6 6. Ngf3 cxd4 7. exd4 Bd6 8. Bg5 h6 9. Bh4 0-0 10. Bd3 e5 11. dxe5 Nxe5 12. Nxe5 Bxe5 13. Nf3 Bg4 14. Be2 Bxf3 15. Bxf3 Qb6 16. Qb3 d4 17. c4 Qa5+ 18. Kf1 Rad8 19. Qd3 Rfe8 20. g4 g5 21. Bg3 Nd7 22. Bd5 Qa6 23. Kg2 Nc5 24. Qf3 Qf6 25. Rad1 b6 26. Bxe5 Qxf3+ 27. Kxf3 Rxe5 28. Rxd4 Kg7 29. Rhd1 Rde8 30. b4 Ne6 31. Re4 Nf4 32. Rxe5 Rxe5 33. Be4 h5 34. gxh5 Nxh5 35. Bb1 Nf4 36. Rd7 Re1 37. Bc2 a5 38. bxa5 bxa5 39. Ra7 Re5 40. Be4 Kf6 41. h4 Ne6 42. Bd5 gxh4 43. Kg4 Re2 44. Rxa5 Rxf2 45. Kxh4 Nd4 46. Kg3 Rc2 47. Ra7 Ne6 48. Kf3 Ke5 49. Ke3 Ng5 50. Re7+ Kf6 51. Ra7 Ke5 52. Kd3 Rh2 53. Kc3 f5 54. a4 f4 55. Re7+ Kf6 56. Re8 f3 57. Rf8+ Ke5 58. a5 Ra2 59. Kb4 f2 60. a6 Nh7 61. Rf3 Ng5 62. Rf8 Nh7 63. Rxf2 Rxf2 64. a7 Ra2 65. a8Q Rxa8 66. Bxa8 Kd6 67. c5+ 1/2-1/2

[Event "Mariupol CC 50th Aniversary"]
[Site "Mariupol"]
[Date "2021.06.11"]
[Round "6"]
[White "Bagiryan, Vigen"]
[Black "Maliutin, Oleksandr"]
[Result "0-1"]
[WhiteElo "1948"]
[BlackElo "2244"]
[PlyCount "66"]
[EventDate "2021.06.08"]
[EventType "swiss"]
[EventRounds "9"]
[EventCountry "UKR"]
[SourceTitle "EXT 2023"]
[Source "ChessBase"]
[SourceDate "2022.10.05"]
[SourceVersion "1"]
[SourceVersionDate "2022.10.05"]
[SourceQuality "1"]

1. e4 c5 2. Nf3 d6 3. Bb5+ Bd7 4. a4 Nf6 5. Nc3 g6 6. 0-0 Bg7 7. d4 cxd4 8. Nxd4 0-0 9. h3 Nc6 10. Be3 Ne5 11. Be2 Rc8 12. f3 Nc4 13. Bxc4 Rxc4 14. Qd3 Qc8 15. Rf2 a6 16. a5 Re8 17. Rd2 Qc7 18. Nde2 Rc8 19. Bb6 Qb8 20. g4 h6 21. f4 Bb5 22. Nxb5 axb5 23. Nd4 b4 24. Ra4 Nd7 25. Ne2 Nxb6 26. axb6 Bxb2 27. f5 g5 28. Qb3 Bc3 29. Nxc3 Rxc3 30. Qxb4 d5 31. Qxe7 Rg3+ 32. Rg2 Rxg2+ 33. Kxg2 Rxc2+ 0-1

[Event "Mariupol CC 50th Aniversary"]
[Site "Mariupol"]
[Date "2021.06.09"]
[Round "2"]
[White "Yeshchenko, Uliana"]
[Black "Bagiryan, Vigen"]
[Result "1-0"]
[WhiteElo "1991"]
[BlackElo "1948"]
[PlyCount "125"]
[EventDate "2021.06.08"]
[EventType "swiss"]
[EventRounds "9"]
[EventCountry "UKR"]
[SourceTitle "EXT 2023"]
[Source "ChessBase"]
[SourceDate "2022.10.05"]
[SourceVersion "1"]
[SourceVersionDate "2022.10.05"]
[SourceQuality "1"]

1. e4 c5 2. Nc3 Nc6 3. g3 g6 4. Bg2 Bg7 5. d3 e6 6. Be3 d6 7. Qd2 h5 8. h3 Nge7 9. Nge2 Nd4 10. Nd1 Nec6 11. Nc1 Ne5 12. Bxd4 cxd4 13. f4 Nc6 14. 0-0 Bd7 15. Ne2 b5 16. f5 e5 17. fxg6 fxg6 18. c3 Rc8 19. cxd4 Nxd4 20. Nxd4 exd4 21. e5 dxe5 22. Be4 Rh6 23. Nf2 Be6 24. Bg2 Rh8 25. Ne4 Rf8 26. Qb4 Rb8 27. Nd6+ Kd7 28. Rfc1 Rb6 29. Nc8 Qxc8 30. Rxc8 Rxc8 31. Qd2 b4 32. Rf1 Ke8 33. Qg5 Bf7 34. Rc1 Rbb8 35. Bc6+ Kf8 36. Be4 Rxc1+ 37. Qxc1 Bf6 38. Qc6 Kg7 39. Qc7 Rd8 40. Qxa7 Kg8 41. Qb6 Kg7 42. Qb7 Kg8 43. a4 bxa3 44. bxa3 h4 45. a4 Be6 46. a5 Rc8 47. Bd5 Rc1+ 48. Kg2 Rc2+ 49. Kf3 e4+ 50. Kxe4 Re2+ 51. Kf3 Re3+ 52. Kg2 Rxg3+ 53. Kf2 Bxd5 54. Qxd5+ Kg7 55. Qd7+ Kh6 56. a6 Rxd3 57. a7 Ra3 58. Qb7 d3 59. a8Q Bd4+ 60. Ke1 d2+ 61. Kxd2 Rxh3 62. Qf8+ Bg7 63. Qbxg7+ 1-0

[Event "Yuzhny op"]
[Site "Yuzhny"]
[Date "2011.09.06"]
[Round "6"]
[White "Kireev, Andrey"]
[Black "Bagiryan, Vigen"]
[Result "1-0"]
[WhiteElo "2139"]
[BlackElo "1970"]
[PlyCount "160"]
[EventDate "2011.09.03"]
[EventType "swiss"]
[EventRounds "9"]
[EventCountry "UKR"]
[SourceTitle "CBM 144 Extra"]
[Source "ChessBase"]
[SourceDate "2011.10.28"]
[SourceVersion "1"]
[SourceVersionDate "2011.10.28"]
[SourceQuality "1"]

1. e4 d5 2. exd5 Qxd5 3. Nc3 Qa5 4. Bc4 Nf6 5. Qe2 Bf5 6. d3 c6 7. Nf3 Bg4 8. Bxf7+ Kxf7 9. Ne5+ Ke8 10. Nxg4 Nbd7 11. Nxf6+ gxf6 12. Bd2 Qb6 13. 0-0-0 a5 14. Be3 Qc7 15. d4 b5 16. Qh5+ Kd8 17. d5 b4 18. dxc6 Qxc6 19. Qd5 Qxd5 20. Nxd5 Kc8 21. Nb6+ Nxb6 22. Bxb6 Bh6+ 23. Be3 Bxe3+ 24. fxe3 Rd8 25. Rxd8+ Kxd8 26. Rd1+ Ke8 27. Rd5 Kf7 28. g3 Ra6 29. Kd2 Kg6 30. e4 e6 31. Rd7 Rc6 32. Kd3 h6 33. c4 bxc3 34. bxc3 Rb6 35. Kc2 Rc6 36. Ra7 Rc5 37. Kd3 Kh5 38. c4 Kg4 39. Kd4 Rh5 40. c5 Rxh2 41. Rxa5 Kxg3 42. c6 Rc2 43. Rc5 Rd2+ 44. Kc4 Rd8 45. Rh5 Rh8 46. Kc5 Kg4 47. Rh1 h5 48. c7 h4 49. Kd6 f5 50. Kxe6 fxe4 51. Kd7 Rh7+ 52. Kc6 Rh8 53. Kb7 Kg3 54. c8Q Rxc8 55. Kxc8 h3 56. a4 Kg2 57. Rb1 h2 58. a5 h1Q 59. Rxh1 Kxh1 60. a6 e3 61. a7 e2 62. a8Q+ Kg1 63. Qe4 Kf2 64. Qf4+ Kg2 65. Qe3 Kf1 66. Qf3+ Ke1 67. Kd7 Kd2 68. Qf2 Kd1 69. Qd4+ Kc2 70. Qe3 Kd1 71. Qd3+ Ke1 72. Ke6 Kf2 73. Qd2 Kf1 74. Qf4+ Kg2 75. Qe3 Kf1 76. Qf3+ Ke1 77. Ke5 Kd2 78. Qf2 Kd1 79. Qd4+ Ke1 80. Kf4 Kf1 1-0

[Event "Yuzhny op"]
[Site "Yuzhny"]
[Date "2011.09.05"]
[Round "4"]
[White "Ivasenko, Andrey"]
[Black "Bagiryan, Vigen"]
[Result "0-1"]
[WhiteElo "1820"]
[BlackElo "1970"]
[PlyCount "70"]
[EventDate "2011.09.03"]
[EventType "swiss"]
[EventRounds "9"]
[EventCountry "UKR"]
[SourceTitle "CBM 144 Extra"]
[Source "ChessBase"]
[SourceDate "2011.10.28"]
[SourceVersion "1"]
[SourceVersionDate "2011.10.28"]
[SourceQuality "1"]

1. e4 c5 2. c3 Nc6 3. d4 cxd4 4. cxd4 Nf6 5. Nc3 d5 6. e5 Ng8 7. Bb5 e6 8. Nf3 Bd7 9. 0-0 Bb4 10. Ng5 h6 11. Qh5 g6 12. Qh3 Nxd4 13. Bd3 Ne7 14. Rd1 Ndc6 15. Nf3 Nf5 16. Bg5 Be7 17. Bd2 a6 18. a3 Nh4 19. Nxh4 Bxh4 20. b4 Nxe5 21. Bb1 Nc4 22. Ra2 Qf6 23. g3 Bg5 24. Be1 Qf3 25. Rd3 Qf5 26. Qf1 Bc6 27. Rxd5 Qf6 28. Rxg5 Qf3 29. Be4 Bxe4 30. Nxe4 Qxe4 31. Rc5 Ne5 32. f4 Nf3+ 33. Kf2 Nxh2 34. Re2 Qf3+ 35. Kg1 Qxf1+ 0-1